1290 1533 1736 1868 1023 1929 1110 1854 1659 1333 1017 1531 1511 1480 1831 1973 1633 1881 1497 1002 1525 1467 1515 1383 1187 1626 1229 1779 1666 1836 1260 1616 1313 1262 1246 1330 1194 1406 1118 1884 1506 1511 1667 1476 1549 1828 1118 1703 1942 1242 1229 1959 1370 1133 1154 1796 1526 1396 1597 1525 1182 1957 1797 1733 1625 1926 1548 1277 1248 1407 1426 1064 1509 1145 1331 1252 1023 1815 1868 1559 1522 1345 1369 1988 1032 1020 1598 1412 1545 1212 1228 1390 1673 1072 1752 1033 1117 1344 1000 BCNSPRNW ULIB Ver.6.0+V

เปลี่ยนเป็นภาษาไทย

Change to English
 แสดงรายละเอียดบรรณานุกรม
  กลับหน้าหลัก

Brief Record : Get Marc (ISO 2709) : E-mail record : QR code < ปิดหน้าต่าง
LEADER : 00000nam 2200000uu 4500
001    13399121177
003     ULIB
008    121108s2549||||th 000 0 tha d
020    ^a9789747216646
050  4 ^aJC571^bจ157บ
100 0  ^aจรัล ดิษฐาอภิชัย
245 10 ^aบนหนทางสิทธิมนุษยชน /^cจรัล ดิษฐาอภิชัย
260    ^aกรุงเทพฯ :^bสถาบันนโยบายศึกษา,^c2549
300    ^a136 หน้า ;^c21 ซม.
650  4 ^aสิทธิมนุษยชน
710 2  ^aสถาบันนโยบายศึกษา
945    ^p150^l0^i14149
995    ^aวิภา
999 ^a ทศพร
รายการนี้ยังไม่มีแท็ก
คุณยังไม่ได้ล็อกอิน คุณสามารถมีกิจกรรมร่วมกับเว็บไซต์ได้ แต่ต้องล็อกอินก่อน ::
  ล็อกอิน

รายการสื่อสารสนเทศ

ลำดับที่ ประเภท เลขเรียก/บาร์โค้ด สถานที่ สถานะ
1. วิทยาศาสตร์การแพทย์ และสุขภาพ
วิทยาศาสตร์การแพทย์ และสุขภาพ
JC571 จ157บ  
  Barcode: 14149
ห้องสมุดวิทยาเขตสวรรค์ประชารักษ์
►หนังสือทั่วไป
บนชั้น

รายการใกล้เคียง
    ผู้แต่ง [จรัล ดิษฐาอภิชัย]

    หัวเรื่อง [สิทธิมนุษยชน]

BibComment


ยังไม่เคยถูกคอมเมนท์

คอมเมนท์ทรัพยากรรายการนี้
  คอมเมนท์: บนหนทางสิทธิมนุษ..


 Copyright 2026. Bcnsprnw @Library